000 01375nam a22003737a 4500
003 CHAP
005 20220329140847.0
008 971013s1994 uk a r 00010 eng d
010 _a58827
011 _a59799
035 _a63959
040 _cCHAP
082 0 4 _a581.134
_bS5
100 0 0 _aSmith, Christopher John
_eed.
_9106975
245 1 _aBiochemical mechanisms involved in plant growth regulation
_b: proceedings...
260 _aOxford :
_bClarendon,
_c1994
300 _a282 p.
_b: ilus.
490 _aProceedings of the Phytochemical Society of Europe
_v; 36
590 _aBATCH-UPD
_b10
_c20130110
_lUCH01
_h0611
590 _aBATCH-UPD
_b10
_c20130110
_lUCH01
_h2324
590 _aBATCH-UPD
_b10
_c20130410
_lUCH01
_h0253
590 _aBATCH-UPD
_b10
_c20130914
_lUCH01
_h0644
590 _aCONVERSION
_b10
_c20130109
_lUCH01
_h1332
650 1 4 _aBioquímica.
_912849
650 1 4 _aPlantas
_xCrecimiento
_xAditivos.
_988804
650 1 4 _aQuímica vegetal.
_993602
700 0 _aChiatante, D.
_922256
700 0 _aZocchi, G.
_9124132
710 0 _aInternational Symposium on Biochemical Mechanisms Involved in Growth Regulation (1991 : Milan, Italy)
_959878
830 0 _aProceedings of the Phytochemical Society of Europe
_v; 36
_991730
901 _aBK
942 _cLIBRO
949 _a581.134 S5
_bBC
_cLIBRO
_d33724000082715
_eLIBRO
_gI.181187
_h89964
_i63959
_si
_t828.00
999 _c58827
_d58827